| 000 | 00836nam a2200253Ia 4500 | ||
|---|---|---|---|
| 003 | OSt | ||
| 005 | 20220930092917.0 | ||
| 006 | a|||||r|||| 00| 0 | ||
| 007 | ta | ||
| 008 | 220926b |||||||| |||| 00| 0 eng d | ||
| 024 | _a28151 | ||
| 037 | _cTheses | ||
| 040 |
_aCRL _cCRL _beng |
||
| 041 |
_2eng _aeng |
||
| 100 | _aAnil Kumar | ||
| 110 |
_aUniversity of Delhi. Faculty of Social Sciences. Departmet of East Asian Studies _9550070 |
||
| 245 | 0 |
_aSino - Indian relations (1998-2010) _b a constructivist approach |
|
| 260 | _c2014 | ||
| 650 |
_aDEPARTMENT OF EAST ASIAN STUDIES _9550071 |
||
| 700 |
_a Dr. Janardan Sahu Gu. _9550072 |
||
| 700 |
_aUniversity of Delhi. Faculty of Social Sciences. Departmet of East Asian Studies _9550073 |
||
| 942 |
_cDIS _2CC |
||
| 999 |
_c884496 _d884496 |
||